000 00527nam a2200157 a 4500
008 080109s1964 ||||||||||||||||| || u
050 _aHD 38.4 Cro
100 _aCrozier, Michel
245 1 4 _aThe Bureaucratic phenomenon
260 _aChicago
_bUniversity press
_c[1964]
300 _ax, 319p.
350 _a0.00
650 _aMANAGEMENT BUREAUCRACY
650 0 _aMANAGEMENT
995 _D0.00
_FCBU-MAIN LIBRARY (Kitwe)
_H1
_I0.00
_M1
_UDAMAGED
_ZMain Library Open Access Collection
999 _c36365
_d36365